Alternating Practice - Statistics

General Stats
  • This quiz has been taken 188 times
  • The average score is 85 of 100
Answer Stats
SPAM F+J % Correct
F
100%
F
94%
F
94%
F
94%
F
94%
F
94%
F
94%
F
94%
F
94%
F
94%
F
94%
F
94%
J
94%
J
94%
J
94%
J
94%
J
94%
J
94%
J
94%
J
94%
J
94%
J
94%
J
94%
F
88%
F
88%
F
88%
J
88%
J
88%
J
88%
J
88%
F
81%
F
81%
F
81%
F
81%
F
81%
F
81%
F
81%
F
81%
F
81%
F
81%
F
81%
F
81%
F
81%
F
81%
F
81%
F
81%
F
81%
F
81%
F
81%
F
81%
F
81%
F
81%
F
81%
F
81%
F
81%
F
81%
F
81%
F
81%
F
81%
F
81%
F
81%
F
81%
F
81%
F
81%
F
81%
J
81%
J
81%
J
81%
J
81%
J
81%
J
81%
J
81%
J
81%
J
81%
J
81%
J
81%
J
81%
J
81%
J
81%
J
81%
J
81%
J
81%
J
81%
J
81%
J
81%
J
81%
J
81%
J
81%
J
81%
J
81%
J
81%
J
81%
J
81%
J
81%
J
81%
J
81%
J
81%
J
81%
J
81%
J
81%
No matching quizzes found
Score Distribution
Percent of People with Each Score
Percentile by Number Answered
Your Score History
You have not taken this quiz